Statistics for Grand Theft Auto V Locations Quiz

Click here to take the quiz!

General Stats

  • This quiz has been taken 164 times
  • The average score is 6 of 15

Answer Stats

HintAnswer% Correct
Northernmost town in Blaine CountyPaleto Bay
86%
This small town is directly northeast of the Alamo SeaGrapeseed
81%
Colloquial name for the entire desert north of Los Santos; small town home to a notorious BodhiSandy Shores
76%
One of the most popular beaches in Los SantosVespucci Beach
66%
Tallest point in the gameMount Chiliad
61%
Wilderness with a name associated with that of the above answerPaleto Forest
42%
Route in San Andreas; parody of Route 66Route 68
42%
This is the smallest of the three airfields in the gameMcKenzie Field
41%
Franklin’s first house is located in this Los Santos neighborhoodChamberlain Hills
29%
Area on the west side of San Andreas named for the ocean on which it liesPacific Bluffs
22%
Nightwood; neighborhood in western Los SantosMorningwood
20%
Referred to as “the GOH”Great Ocean Highway
18%
Name of green suspension bridge in South Los SantosMiriam Turner Overpass
6%
East/West road in Sandy Shores with a cardinal direction in its nameEast Joshua Road
5%
One of the industrial areas in South Los Santos; destination of first GTA Online introduction missionElysian Fields
2%

Score Distribution

Percentile by Number Answered

Percent of People with Each Score

Your Score History

You have not taken this quiz